[Event "Dieppe op 6th"]
[Site "Dieppe"]
[Date "2010.08.25"]
[Round "5"]
[White "Navrotescu, Andreea Cristiana"]
[Black "Vaugeois, Cyrille"]
[Result "1/2-1/2"]
[WhiteElo "1925"]
[BlackElo "2166"]
[PlyCount "34"]
[EventDate "2010.08.22"]
[EventType "swiss"]
[EventRounds "9"]
[EventCountry "FRA"]
[SourceTitle "CBM 138 Extra"]
[Source "ChessBase"]
[SourceDate "2010.10.29"]
[SourceVersion "1"]
[SourceVersionDate "2010.10.29"]
[SourceQuality "1"]

1. d4 Nf6 2. c4 g6 3. Nc3 Bg7 4. e4 d6 5. Nge2 Nbd7 6. Ng3 e5 7. d5 h5 8. h4 a5 9. Bg5 Bh6 10. Bxh6 Rxh6 11. Be2 Nc5 12. Qd2 Rh8 13. 0-0-0 Qe7 14. Rdf1 Bg4 15. f3 Bc8 16. Rf2 b6 17. Nf1 Ng8 1/2-1/2

[Event "FRA-chT2 0910"]
[Site "France"]
[Date "2009.10.17"]
[Round "2.6"]
[White "Polard, Gaetan"]
[Black "Vaugeois, Cyrille"]
[Result "1-0"]
[WhiteElo "2223"]
[BlackElo "2198"]
[PlyCount "59"]
[EventDate "2009.09.27"]
[EventType "team-tourn"]
[EventRounds "11"]
[EventCountry "FRA"]
[SourceTitle "EXT 2011"]
[Source "ChessBase"]
[SourceDate "2010.11.26"]
[SourceVersion "1"]
[SourceVersionDate "2010.11.26"]
[SourceQuality "1"]

1. e4 c5 2. Nf3 e6 3. d4 cxd4 4. Nxd4 Nf6 5. Nc3 Qb6 6. e5 Bc5 7. Be3 Nd5 8. Nxd5 exd5 9. Nb5 0-0 10. Bxc5 Qxc5 11. Qd4 Qxd4 12. Nxd4 Nc6 13. 0-0-0 d6 14. exd6 Nxd4 15. Rxd4 Be6 16. g3 Rfd8 17. Bg2 Rxd6 18. Rhd1 Rad8 19. c4 Kf8 20. b3 Ke7 21. cxd5 Bf5 22. Kb2 Rc8 23. Rc4 Rxc4 24. bxc4 Rb6+ 25. Kc3 Ra6 26. c5 Ra5 27. Kc4 Ra4+ 28. Kb3 Ra5 29. Rc1 a6 30. a4 1-0

[Event "FRA-chT2 0910"]
[Site "France"]
[Date "2009.10.04"]
[Round "1.4"]
[White "Vaugeois, Cyrille"]
[Black "Przymusinski, Nicolas"]
[Result "1-0"]
[WhiteElo "2198"]
[BlackElo "2156"]
[PlyCount "87"]
[EventDate "2009.09.27"]
[EventType "team-tourn"]
[EventRounds "11"]
[EventCountry "FRA"]
[SourceTitle "EXT 2011"]
[Source "ChessBase"]
[SourceDate "2010.11.26"]
[SourceVersion "1"]
[SourceVersionDate "2010.11.26"]
[SourceQuality "1"]

1. e4 d6 2. d4 Nf6 3. Nc3 e5 4. dxe5 dxe5 5. Qxd8+ Kxd8 6. Bg5 Be6 7. Nf3 Nbd7 8. 0-0-0 Kc8 9. Bxf6 gxf6 10. Nh4 Bc5 11. f3 Nb6 12. Be2 Bd4 13. Nb5 Be3+ 14. Kb1 a6 15. Nc3 Bd4 16. Nd5 Bxd5 17. exd5 Na4 18. Bc4 b5 19. Bb3 Nb6 20. Nf5 Rd8 21. Ne7+ Kb7 22. Nc6 Rd6 23. Nxd4 exd4 24. Rxd4 Re8 25. Rhd1 Re2 26. R4d2 Re5 27. c3 a5 28. a3 Nd7 29. Kc2 Kb6 30. a4 Nc5 31. axb5 Kxb5 32. Rd4 Re2+ 33. R1d2 Rxd2+ 34. Rxd2 a4 35. Ba2 f5 36. Rd4 Rg6 37. Bc4+ Kb6 38. Rf4 Rd6 39. Bd3 Rg6 40. g3 Nxd3 41. Kxd3 Kc5 42. Rxa4 Kxd5 43. Ra5+ Kd6 44. Rxf5 1-0

[Event "FRA-chT2 North 0607"]
[Site "France"]
[Date "2006.12.10"]
[Round "4.2"]
[White "Vaugeois, Cyrille"]
[Black "Belkhodja, Slim"]
[Result "0-1"]
[WhiteElo "2141"]
[BlackElo "2475"]
[PlyCount "58"]
[EventDate "2006.10.15"]
[EventType "team"]
[EventRounds "11"]
[EventCountry "FRA"]
[SourceTitle "EXT 2008"]
[Source "ChessBase"]
[SourceDate "2007.11.25"]
[SourceVersion "1"]
[SourceVersionDate "2007.11.25"]
[SourceQuality "1"]
[WhiteTeam "Gonfreville II"]
[BlackTeam "Chalons en Champagne"]
[WhiteTeamCountry "FRA"]
[BlackTeamCountry "FRA"]

1. e4 c5 2. Nf3 Nc6 3. Bb5 d6 4. d4 cxd4 5. Qxd4 Bd7 6. Bxc6 Bxc6 7. Nc3 e5 8. Qd3 h6 9. 0-0 Nf6 10. Re1 Be7 11. Nd2 0-0 12. Nc4 Rc8 13. Ne3 g6 14. Ned5 Bxd5 15. Nxd5 Nxd5 16. Qxd5 Rxc2 17. Qxb7 Qb6 18. Qxb6 axb6 19. Bxh6 Ra8 20. Bc1 f5 21. a3 f4 22. Rb1 d5 23. exd5 Bc5 24. Rd1 Rxf2 25. Kh1 Kf7 26. b4 Bd4 27. Rb3 Ke7 28. d6+ Ke6 29. d7 Rd8 0-1

[Event "FRA-chT2B 0506"]
[Site "France"]
[Date "2005.11.19"]
[Round "2.6"]
[White "Vaugeois, Cyrille"]
[Black "Derieux, Christian"]
[Result "1/2-1/2"]
[WhiteElo "2119"]
[BlackElo "2135"]
[PlyCount "118"]
[EventDate "2005.10.27"]
[EventType "team-tourn"]
[EventRounds "11"]
[EventCountry "FRA"]
[SourceTitle "EXT 2006"]
[Source "ChessBase"]
[SourceDate "2005.11.24"]
[SourceVersion "1"]
[SourceVersionDate "2005.11.24"]
[SourceQuality "1"]
[WhiteTeam "Orcher La Tour II"]
[BlackTeam "Lutece"]
[WhiteTeamCountry "FRA"]
[BlackTeamCountry "FRA"]

1. e4 c5 2. Nf3 d6 3. d4 cxd4 4. Qxd4 e5 5. Bb5+ Nd7 6. Qd3 h6 7. 0-0 Be7 8. c4 a6 9. Bxd7+ Bxd7 10. Nc3 Nf6 11. Rd1 0-0 12. b3 b5 13. cxb5 axb5 14. Nxb5 Nxe4 15. Qxe4 Bxb5 16. Bb2 Qb6 17. Qb4 Qb7 18. a4 Bc6 19. Qxb7 Bxb7 20. Nxe5 dxe5 21. Rd7 Rfb8 22. Rxe7 Bc6 23. Rc1 Bxa4 24. bxa4 Rxb2 25. g3 Rb6 26. a5 Rxa5 27. Rc8+ Kh7 28. Rxf7 Rf6 29. Rcc7 Rxf7 30. Rxf7 Kg6 31. Rf8 Ra2 32. h3 Rb2 33. Kf1 Ra2 34. Kg2 Ra3 35. g4 h5 36. gxh5+ Kxh5 37. Rf5+ g5 38. Rxe5 Kh4 39. Re8 Kh5 40. Rf8 Rb3 41. Re8 Ra3 42. Re4 Rb3 43. Rg4 Rc3 44. Rg3 Rc4 45. Rd3 g4 46. Rd5+ Kh4 47. hxg4 Kxg4 48. Rd8 Rc2 49. Rd4+ Kf5 50. Kg3 Rc6 51. Rd5+ Kf6 52. Kg4 Ra6 53. f4 Rb6 54. Rh5 Kg6 55. f5+ Kg7 56. Rh3 Ra6 57. Rc3 Kf6 58. Rc4 Rb6 59. Kf4 Ra6 1/2-1/2

[Event "FRA-chT2B 0506"]
[Site "France"]
[Date "2005.10.16"]
[Round "1.5"]
[White "Vaugeois, Cyrille"]
[Black "Rabineau, Clement"]
[Result "1-0"]
[WhiteElo "2119"]
[BlackElo "2205"]
[PlyCount "99"]
[EventDate "2005.10.27"]
[EventType "team-tourn"]
[EventRounds "11"]
[EventCountry "FRA"]
[SourceTitle "EXT 2006"]
[Source "ChessBase"]
[SourceDate "2005.11.24"]
[SourceVersion "1"]
[SourceVersionDate "2005.11.24"]
[SourceQuality "1"]
[WhiteTeam "Orcher La Tour II"]
[BlackTeam "Clichy II"]
[WhiteTeamCountry "FRA"]
[BlackTeamCountry "FRA"]

1. e4 c5 2. Nf3 e6 3. Nc3 a6 4. a4 b6 5. g3 Bb7 6. Bg2 d6 7. 0-0 Nf6 8. d3 Qc7 9. Qe2 Be7 10. Nh4 Nc6 11. Be3 Nd4 12. Bxd4 cxd4 13. Nb1 Nd7 14. f4 Rc8 15. c4 dxc3 16. bxc3 0-0 17. d4 Qc4 18. Qe3 Bxh4 19. gxh4 Rfe8 20. Rf3 f5 21. Nd2 Qc7 22. Rg3 Nf6 23. Rf1 b5 24. axb5 axb5 25. exf5 exf5 26. Qd3 Bxg2 27. Rxg2 Qxc3 28. Qxf5 Qxd4+ 29. Kh1 Qd5 30. Qxd5+ Nxd5 31. Rg5 Nc3 32. Rfg1 Rc7 33. h5 Ne2 34. Rf1 Rf8 35. f5 d5 36. Nb3 Rc3 37. Re1 Re3 38. Rd1 d4 39. Nc5 Nc3 40. Rdg1 Rf7 41. Ne6 Rxe6 42. fxe6 Re7 43. h6 g6 44. Rf1 Rxe6 45. Rc5 Re8 46. Rc7 Ne4 47. Rff7 Ng5 48. Rg7+ Kh8 49. Rcd7 Rb8 50. Rge7 1-0

[Event "FRA-chT2 0405"]
[Site "France"]
[Date "2004.10.10"]
[Round "1.5"]
[White "Vaugeois, Cyrille"]
[Black "Brossard, Armel"]
[Result "1/2-1/2"]
[WhiteElo "2102"]
[BlackElo "2233"]
[PlyCount "42"]
[EventDate "2004.10.10"]
[EventType "team"]
[EventRounds "11"]
[EventCountry "FRA"]
[SourceTitle "EXT 2006"]
[Source "ChessBase"]
[SourceDate "2005.11.24"]
[SourceVersion "1"]
[SourceVersionDate "2005.11.24"]
[SourceQuality "1"]
[WhiteTeam "Gonfreville II"]
[BlackTeam "Issy les Moulineaux"]
[WhiteTeamCountry "FRA"]
[BlackTeamCountry "FRA"]

1. e4 c5 2. Nf3 d6 3. d4 cxd4 4. Qxd4 Nc6 5. Bb5 Qa5+ 6. Nc3 Qxb5 7. Nxb5 Nxd4 8. Nfxd4 Kd8 9. Be3 a6 10. Nc3 e6 11. 0-0-0 Kc7 12. Kb1 Bd7 13. Nb3 Nf6 14. f3 Be7 15. Rd2 Rhd8 16. Rhd1 b6 17. Rd3 Bc6 18. Nd4 Be8 19. Nde2 Bc6 20. Nd4 Be8 21. Nde2 Bc6 1/2-1/2

[Event "Reunion op 06th"]
[Site "Etang Sale"]
[Date "2003.??.??"]
[Round "7"]
[White "Vaugeois, Cyrille"]
[Black "Lacrosse, Marc"]
[Result "0-1"]
[WhiteElo "2127"]
[BlackElo "2253"]
[PlyCount "88"]
[EventDate "2003.10.??"]
[EventType "swiss"]
[EventRounds "9"]
[EventCountry "FRA"]
[SourceTitle "EXT 2005"]
[Source "ChessBase"]
[SourceDate "2004.11.15"]
[SourceVersion "1"]
[SourceVersionDate "2004.11.15"]
[SourceQuality "1"]

1. e4 e5 2. Nf3 Nc6 3. Nc3 Nf6 4. d4 exd4 5. Nxd4 Bb4 6. Nxc6 bxc6 7. Bd3 d5 8. exd5 cxd5 9. 0-0 0-0 10. Bg5 c6 11. Qf3 Be7 12. Rfe1 Re8 13. Na4 h6 14. Bxf6 Bxf6 15. Rad1 Rb8 16. b3 Rxe1+ 17. Rxe1 Be6 18. Qe3 Qa5 19. Kf1 Rb4 20. a3 Rd4 21. Qg3 g5 22. Qd6 Rxd3 23. cxd3 Qd2 24. Rxe6 fxe6 25. Qxe6+ Kg7 26. Qe2 Qc1+ 27. Qe1 Qxa3 28. g3 Qxb3 29. Nc5 Qc3 30. Qe3 Qe5 31. Qd2 Qc3 32. Qe3 Qa1+ 33. Kg2 Qe5 34. Qd2 Qe7 35. d4 a5 36. Qd3 a4 37. f4 gxf4 38. gxf4 Qf7 39. f5 Kh7 40. Ne6 Qg8+ 41. Kf2 Qg4 42. Nf8+ Kg8 43. Ne6 a3 44. Qxa3 Qxf5+ 0-1

[Event "FRA-chT1"]
[Site "France"]
[Date "2002.??.??"]
[Round "9.6"]
[White "Vaugeois, Cyrille"]
[Black "Fontaine, Robert"]
[Result "0-1"]
[WhiteElo "2134"]
[BlackElo "2469"]
[PlyCount "50"]
[EventDate "2002.02.??"]
[EventType "team"]
[EventRounds "11"]
[EventCountry "FRA"]
[SourceTitle "EXT 2003"]
[Source "ChessBase"]
[SourceDate "2002.11.25"]
[SourceVersion "1"]
[SourceVersionDate "2002.11.25"]
[SourceQuality "1"]
[WhiteTeam "Gonfreville"]
[BlackTeam "Cannes"]
[WhiteTeamCountry "FRA"]
[BlackTeamCountry "FRA"]

1. e4 c6 2. d4 d5 3. e5 c5 4. c3 Nc6 5. Nf3 cxd4 6. cxd4 Bg4 7. Nbd2 e6 8. Be2 Nge7 9. 0-0 Qb6 10. Nb3 Nf5 11. Be3 Be7 12. Qd3 0-0 13. h3 Nb4 14. Qd1 Nxe3 15. fxe3 Bf5 16. Ne1 Bg5 17. Qd2 Nxa2 18. Rxa2 Qxb3 19. Ra3 Qb6 20. Bd1 Rac8 21. Rb3 Qc7 22. Nf3 Be7 23. Ne1 a5 24. Rxf5 exf5 25. Qf2 Qc1 0-1

[Event "FRA-chT"]
[Site "France"]
[Date "2001.04.28"]
[Round "8.7"]
[White "Vaugeois, Cyrille"]
[Black "Anic, Darko"]
[Result "1/2-1/2"]
[WhiteElo "2106"]
[BlackElo "2202"]
[PlyCount "45"]
[EventDate "2001.02.02"]
[EventType "team"]
[EventRounds "11"]
[EventCountry "FRA"]
[SourceTitle "EXT 2002"]
[Source "ChessBase"]
[SourceDate "2001.11.25"]
[SourceVersion "1"]
[SourceVersionDate "2001.11.25"]
[SourceQuality "1"]
[WhiteTeam "Gonfreville"]
[BlackTeam "Cannes"]
[WhiteTeamCountry "FRA"]
[BlackTeamCountry "FRA"]

1. e4 e5 2. Nf3 Nc6 3. Nc3 g6 4. d4 exd4 5. Nxd4 Bg7 6. Be3 Nge7 7. Qd2 0-0 8. 0-0-0 d6 9. f3 Nxd4 10. Bxd4 Be6 11. Bxg7 Kxg7 12. h4 h5 13. Bc4 Nc6 14. Nd5 Bxd5 15. Bxd5 Qf6 16. g4 Ne5 17. gxh5 Qxf3 18. hxg6 fxg6 19. h5 Rh8 20. h6+ Kh7 21. Rdf1 Qg3 22. Rfg1 Qf3 23. Rf1 1/2-1/2

[Event "FRA-chT2O 9899"]
[Site "France"]
[Date "1999.03.06"]
[Round "8"]
[White "Vaugeois, Cyrille"]
[Black "Bazart, David"]
[Result "1-0"]
[WhiteElo "2147"]
[BlackElo "2067"]
[PlyCount "133"]
[EventDate "1998.??.??"]
[EventType "team"]
[EventRounds "9"]
[EventCountry "FRA"]
[SourceTitle "EXT 2002"]
[Source "ChessBase"]
[SourceDate "2001.11.25"]
[SourceVersion "1"]
[SourceVersionDate "2001.11.25"]
[SourceQuality "1"]

1. e4 Nc6 2. Nc3 Nf6 3. Nf3 e5 4. d4 exd4 5. Nxd4 Bb4 6. Nxc6 bxc6 7. Bd3 d5 8. exd5 cxd5 9. 0-0 0-0 10. Bg5 c6 11. Qf3 Qd6 12. Bxf6 Qxf6 13. Qxf6 gxf6 14. Ne2 Bd6 15. Nd4 c5 16. Nb5 Be5 17. f4 Bxb2 18. Rab1 Rb8 19. Rxb2 a6 20. Rfb1 axb5 21. Rxb5 Rxb5 22. Rxb5 c4 23. Be2 Be6 24. f5 Bxf5 25. Rxd5 Be6 26. Rc5 Ra8 27. Bxc4 Bxc4 28. Rxc4 Rxa2 29. Kf2 Kg7 30. g3 Ra5 31. Ke3 Kf8 32. Rh4 h5 33. Re4 Re5 34. Kd4 Re6 35. Kd5 Ke7 36. Rh4 Re5+ 37. Kc6 Re6+ 38. Kc7 Re5 39. c4 Ke8 40. Kb6 Re6+ 41. Kb5 Re5+ 42. c5 Kd8 43. Kb6 Kc8 44. c6 Re2 45. Rxh5 Rb2+ 46. Kc5 Kc7 47. Rh7 Rc2+ 48. Kd5 Rd2+ 49. Ke4 Kxc6 50. h4 Kd6 51. Rxf7 Ke6 52. Rb7 Rh2 53. Kf4 Rf2+ 54. Kg4 f5+ 55. Kg5 Rf3 56. Rb6+ Kf7 57. Rf6+ Kg7 58. Rg6+ Kh7 59. Kf6 f4 60. g4 Rg3 61. Rg7+ Kh8 62. g5 Ra3 63. Rf7 Kg8 64. g6 f3 65. Kg5 Ra5+ 66. Kh6 Ra3 67. h5 1-0

[Event "FRA-ch Accession"]
[Site "Auxerre"]
[Date "1996.??.??"]
[Round "5"]
[White "Claverie, Christophe"]
[Black "Vaugeois, Cyrille"]
[Result "1-0"]
[WhiteElo "2250"]
[BlackElo "2180"]
[PlyCount "39"]
[EventDate "1996.??.??"]
[EventType "swiss"]
[EventRounds "10"]
[EventCountry "FRA"]
[SourceTitle "EXT 2004"]
[Source "ChessBase"]
[SourceDate "2003.11.25"]
[SourceVersion "1"]
[SourceVersionDate "2003.11.25"]
[SourceQuality "1"]

1. f4 d6 2. e4 g6 3. Nf3 Bg7 4. Bc4 c6 5. Bb3 Nf6 6. Nc3 0-0 7. d4 Qc7 8. Qe2 b6 9. e5 Ne8 10. e6 f5 11. Ng5 Bxd4 12. g4 Bxc3+ 13. bxc3 fxg4 14. Qxg4 Rf5 15. Rg1 Nf6 16. Qh3 d5 17. Nxh7 Bxe6 18. Qh6 Nxh7 19. Rxg6+ Kh8 20. Qg7# 1-0

[Event "FRA-chT"]
[Site "France"]
[Date "1996.??.??"]
[Round "?"]
[White "Vaugeois, Cyrille"]
[Black "Eustache, Boris"]
[Result "0-1"]
[WhiteElo "2180"]
[BlackElo "2080"]
[PlyCount "56"]
[EventDate "1996.??.??"]
[EventType "team"]
[EventRounds "11"]
[EventCountry "FRA"]
[SourceTitle "CBM 055 Extra"]
[Source "ChessBase"]
[SourceDate "1997.01.01"]
[SourceVersion "1"]
[SourceVersionDate "1997.01.01"]
[SourceQuality "1"]

1. c4 e6 2. Nf3 Nf6 3. g3 Be7 4. Bg2 0-0 5. 0-0 d5 6. b3 c6 7. Bb2 Nbd7 8. Qc2 a5 9. a3 Bd6 10. cxd5 exd5 11. d3 Re8 12. Re1 Qb6 13. Nbd2 Bc5 14. d4 Bd6 15. Nh4 Nf8 16. e4 dxe4 17. Nc4 Qd8 18. Bxe4 Ng6 19. Nxg6 hxg6 20. Nxd6 Qxd6 21. Bg2 Be6 22. Bc3 Bd5 23. b4 Bxg2 24. Kxg2 axb4 25. axb4 Qd5+ 26. Kg1 Rxe1+ 27. Rxe1 Ra2 28. Qd3 Qb3 0-1